| 000 | 01515cam a2200361 a 4500 | ||
|---|---|---|---|
| 001 | EDZ0000072100 | ||
| 003 | StDuBDS | ||
| 005 | 20161031105113.0 | ||
| 006 | m||||||||d|||||||| | ||
| 007 | cr ||||||||||| | ||
| 008 | 120412s2006 caua fo| 001|0|eng d | ||
| 020 |
_a9781452204260 (ebook) : _cNo price |
||
| 040 |
_aStDuBDS _beng _cStDuBDS _epn |
||
| 049 | _aAlfaisal Main Library | ||
| 050 | 0 |
_aHV6080 _b.F295 2006 |
|
| 082 | 0 | 4 |
_a364.3 _223 |
| 100 | 1 |
_aFelson, Marcus, _d1947- |
|
| 245 | 1 | 0 |
_aCrime and nature _h[electronic resource] / _cMarcus Felson. |
| 260 |
_aThousand Oaks, Calif. ; _aLondon : _bSAGE, _cc2006. |
||
| 300 |
_a1 online resource (xiv, 391 p.) : _bill. |
||
| 504 | _aIncludes bibliographical references and index. | ||
| 520 | 8 | _aThis textbook provides students with a system for thinking about crime and shows how crime draws from the larger eco-system; how offenders forage for targets and depend on one another. It considers how crime feeds off legal activities and shows how crime ecology can help shut off crime opportunities. | |
| 521 | _aSpecialized. | ||
| 588 | _aDescription based on print version record. | ||
| 504 | _aIncludes bibliographical references and index. | ||
| 650 | 0 | _aCriminal psychology. | |
| 650 | 0 | _aCriminal behavior. | |
| 655 | 7 |
_aElectronic books. _2local |
|
| 710 | 2 | _aSage eBooks | |
| 776 | 0 | 8 |
_iPrint version : _z9780761929109 |
| 856 | 4 | 0 | _uhttp://ezproxy.alfaisal.edu/login?url=http://sk.sagepub.com/books/crime-and-nature |
| 942 |
_2lcc _cEBOOKS |
||
| 999 |
_c479381 _d479381 |
||